00844nam a2200145 a 450000100100000000500170001000800410002704000250006811000190009324503100011226001340042230000200055695201050057699900170068100004297620201002040537.0140213s2003 sp 000 0 spa d aDO-SdBNPbspacBNPHU1 aEspaña9452410aConstitución Española :baprobada por Las Cortes en sesiones plenarias del Congreso de los Diputados y del Senado celebradas el 31 de octubre de 1978 ; ratificada por el pueblo español en referéndum de 6 de diciembre de 1978 ; sancionada por S.M. el Rey ante Las Cortes el 27 de diciembre de 1978. aMadrid :bComisión Nacional Organizadora de los Actos Conmemorativos del 25 aniversario de la Constitución Española,c2003. a54 p. ;c19 cm. 001050718MOaGRbGRcCTd2014-02-13iLF1l0o p42976-10r2020-06-25w2020-06-25y1ZNo se presta c42465d42465